| 000 | 00991nas a2200253 454500 | ||
|---|---|---|---|
| 001 | 17402 | ||
| 005 | 20260407193505.0 | ||
| 008 | 260407s1995####ag###########|||spa#d | ||
| 003 | AR-UNSa-BCEJYS | ||
| 040 |
_aAR-UNSa-BCEJYS _bspa _cAR-UNSa-BCEJYS |
||
| 080 |
_a331.5 _xMercado de Trabajo. Empleo |
||
| 245 | 1 | 0 | _aBoletín de estadísticas laborales |
| 264 | 1 |
_aBuenos Aires : _bMTSS (Ministerio de Trabajo y Seguridad Social) _c1995 |
|
| 310 | _aFrecuencia: Semestral | ||
| 505 | _a1. Empleo - 2. Políticas de empleo - 3. Renumeraciones - 4. Negociación colectiva - 5. Asociaciones sindicales - 6. Siniestralidad laboral | ||
| 041 | _aspa | ||
| 942 | _cSER | ||
| 590 | _aniveau_biblio:s niveau_hierar:1 | ||
| 100 | 1 | _aArgentina. Ministerio de Trabajo y Seguridad Social (MTSS) | |
| 650 | _aDesempleo | ||
| 650 | _aSeguridad social | ||
| 650 | _aEmpleo | ||
| 856 | 4 | 1 |
_uhttps://biblioeco.unsa.edu.ar/pmb/images/revistas/Bolet?n de Estad?sticas Laborales.jpg _yImagen de portada _qimage/jpeg |
| 999 |
_c8496 _d8496 |
||